000 01166nas a2200373 4500
001 BR2011005872
003 BR-BrBNA
005 20231205115135.0
007 ta
008 230509b bl.|||p| |||| 00| 00por d
040 _aBR-BrBNA
_bpor
_cBiblioteca Nacional de Agricultura
041 _a(Pt)
072 _aH20; F02
100 1 _aGrippa, G. de A.
100 1 _aReis, F. de O.
100 1 _aOliveira Júnior, L.F.G. de
100 1 _aSantos, R.B. dos
100 1 _aMachado, L.P.
100 1 _aBispo, W.M. da S.
100 1 _aNascimento, V. de L.
100 1 _aMatsumoto, S.T.
245 1 _aAvaliação do óleo essencial de schinus terebinthifolius no controle de colletotrichum gloeosporioides in vitro e in vivo
650 _aCARICA PAPAYA
650 _aMAMÃO
650 _aÓLEO ESSENCIAL
650 _aCOLLETOTRICHUM GOEOSPORIOIDES
650 _aANTRACNOSE
650 _aCULTURA IN VITRO
650 _aCONTROLE BIOLÓGICO
650 _aFUNGO
773 0 _tRevista Brasileira de Armazenamento (Brazil)
_xISSN 0100-3518
_g(2010), v. 35(1) p. 46-53
_wBR2011005872
909 _a202311
_bLúcia
_c55
_dLúcia Elande
942 _2AGRIS
_n0
_cANA
999 _c212270
_d212270